| 000 | 00946nam1a22002411i 4500 | ||
|---|---|---|---|
| 001 | rc\2953959 | ||
| 005 | 20260407071207.0 | ||
| 035 | _a(NLR Aleph) 007101272 | ||
| 090 |
_a6673238 _c6673238 |
||
| 100 | _a20110901d1934 |||y0rusy50 ca | ||
| 101 | 0 | _arus | |
| 102 | _aRU | ||
| 105 | _ay j ||||| | ||
| 200 | 1 |
_aГеография _eУчебник для начальной школы ... _fЛ.Г. Терехова и В. Г Эрдели _gУтв. Коллегией НКП РСФСР |
|
| 205 | _a2-е изд. | ||
| 210 |
_aМосква _cГос. учеб.-пед. изд-во _d1934 _g"Образцовая" тип. |
||
| 215 | _d24х15 см | ||
| 700 | 1 |
_aТерехова _bЛ.Г. _gЛидия Григорьевна |
|
| 701 | 1 |
_7ca _8rus _aЭрдели _bВ. Г. _f1886-1968 _gВладимир Георгиевич _9268084 _3RU\NLR\AUTH\770268140 |
|
| 801 | 0 |
_aRU _bNLR _gpsbo |
|
| 801 | 1 |
_aRU _bELAR _2rusmarc |
|
| 852 |
_aNLR _j34-18/379(2) |
||
| 942 | _cBOOK | ||